| 000 | 00384nam a2200157Ia 4500 | ||
|---|---|---|---|
| 008 | 230312s9999||||xx |||||||||||||| ||und|| | ||
| 020 | _a0-07-282703-3 | ||
| 082 |
_a658.84 _bROB-I |
||
| 100 | _aRobert, Mary Lou. | ||
| 245 | 0 | _aInternet Marketing | |
| 260 |
_bMcGraw Hill _aLondon _c2003 |
||
| 300 | _a471 | ||
| 546 | _aEng. | ||
| 650 |
_aManagement _vValue chain concepts |
||
| 942 | _cBK | ||
| 999 |
_c256 _d256 |
||